[Event "Santiago de Cali op"]
[Site "Cali"]
[Date "2024.12.29"]
[Round "7"]
[White "Amaya, Brayan Angel"]
[Black "Ramos Ariza, Juan Manuel"]
[Result "1/2-1/2"]
[WhiteElo "1874"]
[BlackElo "2103"]
[PlyCount "293"]
[EventDate "2024.12.26"]
[EventType "swiss"]
[EventRounds "8"]
[EventCountry "COL"]
[SourceTitle "CB01_2025"]
[SourceDate "2025.01.01"]
[SourceVersion "1"]
[SourceVersionDate "2025.01.01"]
[SourceQuality "1"]

1. Nf3 Nf6 2. b3 d6 3. d4 Bg4 4. Nbd2 Nbd7 5. Bb2 d5 6. e3 e6 7. Be2 Bd6 8. c4 c6 9. Qc2 Qe7 10. Bd3 e5 11. dxe5 Nxe5 12. Nxe5 Bxe5 13. cxd5 Nxd5 14. Bxe5 Qxe5 15. 0-0 0-0-0 16. Nc4 Qf6 17. a3 Kb8 18. Be4 h5 19. f3 Bc8 20. Rac1 h4 21. Rfd1 h3 22. g3 Qe6 23. Qe2 Rhe8 24. Kf2 f5 25. Bxd5 cxd5 26. Nd2 g5 27. Qd3 f4 28. Nf1 fxg3+ 29. Nxg3 Rf8 30. Qd4 Qg4 31. Qxg4 Bxg4 32. Rd4 Bxf3 33. Ke1 Rde8 34. Kd2 Bg2 35. Re1 Rf3 36. Rg4 Re5 37. Re2 Rf6 38. Rd4 Re7 39. Rg4 Rb6 40. Nf5 Rf7 41. Nd4 Rg6 42. Rexg2 hxg2 43. Rxg2 g4 44. Ne2 Rfg7 45. Nf4 Ra6 46. Nxd5 Rxa3 47. Kc3 Ra6 48. Kd4 Rag6 49. e4 g3 50. hxg3 Rxg3 51. Rh2 a5 52. Ra2 Rxb3 53. Rxa5 b6 54. Ra2 Rg1 55. Re2 Kb7 56. Rf2 Rd1+ 57. Kc4 Rbb1 58. Rf7+ Kc8 59. Rc7+ Kb8 60. Rf7 Rd2 61. Rf8+ Kb7 62. Rf7+ Kc8 63. Rc7+ Kb8 64. Rf7 Rc1+ 65. Kb3 Re2 66. Rf8+ Kb7 67. Rf7+ Ka6 68. Re7 Rc5 69. Re6 Ka5 70. Re8 Ka6 71. Re6 Rb5+ 72. Kc3 Rb1 73. Re5 b5 74. Re6+ Ka5 75. Re8 Ka6 76. Re6+ Kb7 77. Rb6+ Kc8 78. Rc6+ Kd7 79. Rb6 Kd8 80. Kd4 Rd2+ 81. Kc5 Rc2+ 82. Kd6 Ke8 83. e5 Kf7 84. e6+ Kg6 85. e7 Kf7 86. Kd7 Re2 87. Rf6+ Kg7 88. e8Q Rxe8 89. Kxe8 b4 90. Rb6 b3 91. Nc3 Rb2 92. Ke7 Kh7 93. Kd6 Kg6 94. Kc5+ Kf5 95. Kb4 Ke5 96. Ka3 Rh2 97. Kxb3 Rh3 98. Rb8 Kd4 99. Rd8+ Ke5 100. Kc4 Rh7 101. Re8+ Kf5 102. Kd4 Rh1 103. Kd5 Kf4 104. Rf8+ Ke3 105. Kc4 Rh4+ 106. Kc5 Rh7 107. Nd5+ Ke2 108. Rf4 Ra7 109. Nc3+ Ke3 110. Rh4 Rc7+ 111. Kb4 Rb7+ 112. Kc4 Rc7+ 113. Kb3 Rb7+ 114. Kc2 Kf3 115. Re4 Rc7 116. Re8 Rd7 117. Ne2 Kg4 118. Kc3 Kf5 119. Nd4+ Kf6 120. Re6+ Kf7 121. Ra6 Rc7+ 122. Kd3 Rc1 123. Nf3 Rb1 124. Ke4 Rb4+ 125. Kf5 Ke7 126. Ne5 Rb1 127. Re6+ Kd8 128. Rc6 Rh1 129. Ke4 Ke7 130. Nf3 Kd7 131. Rg6 Ra1 132. Ne5+ Ke7 133. Nc6+ Kf7 134. Ne5+ Ke7 135. Nf3 Kf7 136. Rb6 Ke7 137. Nd4 Re1+ 138. Kd5 Kf7 139. Nf3 Ra1 140. Ne5+ Ke7 141. Re6+ Kf8 142. Rf6+ Kg7 143. Rg6+ Kf8 144. Rg2 Ke7 145. Rg7+ Kf8 146. Rb7 Ra6 147. Ke4 1/2-1/2

[Event "Santiago de Cali op"]
[Site "Cali"]
[Date "2024.12.29"]
[Round "6"]
[White "Ramos Ariza, Juan Manuel"]
[Black "Garcia Alarcon, Alvaro"]
[Result "1/2-1/2"]
[WhiteElo "2103"]
[BlackElo "2052"]
[PlyCount "140"]
[EventDate "2024.12.26"]
[EventType "swiss"]
[EventRounds "8"]
[EventCountry "COL"]
[SourceTitle "CB01_2025"]
[SourceDate "2025.01.01"]
[SourceVersion "1"]
[SourceVersionDate "2025.01.01"]
[SourceQuality "1"]

1. e4 e6 2. Qe2 c5 3. c3 b6 4. g3 Bb7 5. Bg2 Nf6 6. d3 d5 7. e5 Nfd7 8. f4 Nc6 9. Nf3 Be7 10. 0-0 g6 11. a4 Qc7 12. Na3 a6 13. Bd2 Na5 14. b4 Nb3 15. Rab1 Nxd2 16. Qxd2 Bc6 17. b5 axb5 18. Nxb5 Bxb5 19. axb5 c4 20. d4 Ra3 21. Ra1 Qa7 22. Rxa3 Qxa3 23. Qc2 Qa5 24. Rb1 0-0 25. Nd2 Ra8 26. Nxc4 dxc4 27. Bxa8 Qxa8 28. Qg2 Qa3 29. Qb2 Qa8 30. Qe2 Nc5 31. Qxc4 Qe4 32. Rf1 h5 33. Qa2 h4 34. Qg2 Qe3+ 35. Kh1 Ne4 36. Qf3 Qxf3+ 37. Rxf3 hxg3 38. hxg3 Nd2 39. Rd3 Nc4 40. Kg2 Kf8 41. Kf3 Ke8 42. Rd1 Na3 43. d5 exd5 44. Rxd5 Bc5 45. g4 Nxb5 46. Rd3 Ke7 47. f5 gxf5 48. gxf5 Na3 49. Ke4 Nc4 50. Rh3 Kd7 51. Rh7 Ke8 52. Rh8+ Kd7 53. Ra8 Ne3 54. Ra7+ Ke8 55. Rc7 Nd1 56. Kd3 Nf2+ 57. Kc4 Ng4 58. Kd5 Ne3+ 59. Ke4 Nd1 60. c4 Nc3+ 61. Kf4 Nd1 62. Ke4 Nc3+ 63. Kf4 Nd1 64. Ke4 Nc3+ 65. Kf4 Nd1 66. f6 Nb2 67. Ke4 Nxc4 68. Kd5 Ne3+ 69. Kc6 Nc2 70. Kd5 Ne3+ 1/2-1/2

[Event "COL-chT sf"]
[Site "Medellin"]
[Date "2024.11.09"]
[Round "5.1"]
[White "Ramos Ariza, Juan Manuel"]
[Black "Luna Velandia, Juan Sebastian"]
[Result "1/2-1/2"]
[WhiteElo "2114"]
[BlackElo "1991"]
[PlyCount "65"]
[EventDate "2024.11.07"]
[EventType "team-swiss"]
[EventRounds "6"]
[EventCountry "COL"]
[SourceTitle "CB49_2024"]
[SourceDate "2024.12.04"]
[SourceVersion "1"]
[SourceVersionDate "2024.12.04"]
[SourceQuality "1"]
[WhiteTeam "Antioquia ADP II"]
[BlackTeam "Cundinamarca II"]
[WhiteTeamCountry "COL"]
[BlackTeamCountry "COL"]

1. e4 c5 2. Nf3 d6 3. d4 cxd4 4. Nxd4 Nf6 5. Nc3 g6 6. Be3 Bg7 7. f3 0-0 8. Qd2 Nc6 9. g4 h5 10. h3 Qa5 11. Bc4 Qb4 12. Bb3 Nxd4 13. Qxd4 Qxd4 14. Bxd4 Be6 15. 0-0-0 hxg4 16. hxg4 Nd7 17. Nd5 Bxd5 18. Bxd5 Bxd4 19. Rxd4 Rab8 20. b4 Ne5 21. f4 Nc6 22. Rd2 Nxb4 23. Rdh2 Nxd5 24. g5 f6 25. exd5 fxg5 26. fxg5 Kf7 27. Rh6 Ke8 28. Rxg6 Kd7 29. Rg7 Rf5 30. Re1 Re8 31. c4 Rf4 32. Kd2 Rxc4 33. Kd3 1/2-1/2

[Event "Medellin Raza Antioquia"]
[Site "Medellin"]
[Date "2024.10.13"]
[Round "7"]
[White "Ramos Ariza, Juan Manuel"]
[Black "Ospina Castro, Santiago"]
[Result "1/2-1/2"]
[WhiteElo "2090"]
[BlackElo "2138"]
[PlyCount "30"]
[EventDate "2024.10.10"]
[EventType "swiss"]
[EventRounds "9"]
[EventCountry "COL"]
[SourceTitle "CB43_2024"]
[Source "Chessbase"]
[SourceDate "2024.10.23"]
[SourceVersion "1"]
[SourceVersionDate "2024.10.23"]
[SourceQuality "1"]

1. e4 e6 2. d4 d5 3. Nd2 c5 4. Ngf3 Nf6 5. e5 Nfd7 6. c3 Nc6 7. Bd3 f6 8. Qe2 cxd4 9. cxd4 Qb6 10. 0-0 Be7 11. exf6 Nxf6 12. Nb3 0-0 13. h3 Bd7 14. Ne5 Nxd4 15. Nxd4 Qxd4 1/2-1/2

[Event "Medellin Raza Antioquia"]
[Site "Medellin"]
[Date "2024.10.12"]
[Round "5"]
[White "Ramos Ariza, Juan Manuel"]
[Black "Munoz Galvez, Jhon Edison"]
[Result "1-0"]
[WhiteElo "2090"]
[BlackElo "2280"]
[PlyCount "54"]
[EventDate "2024.10.10"]
[EventType "swiss"]
[EventRounds "9"]
[EventCountry "COL"]
[SourceTitle "CB43_2024"]
[Source "Chessbase"]
[SourceDate "2024.10.23"]
[SourceVersion "1"]
[SourceVersionDate "2024.10.23"]
[SourceQuality "1"]

1. e4 c5 2. Nf3 d6 3. d4 Nf6 4. Nc3 cxd4 5. Nxd4 a6 6. Bg5 e6 7. f4 Nbd7 8. Qe2 h6 9. Bxf6 Qxf6 10. Qf2 g5 11. g3 gxf4 12. gxf4 h5 13. Bg2 Rg8 14. 0-0-0 Bh6 15. Nde2 Rg4 16. Rhf1 Bf8 17. Bf3 Rxf4 18. Nxf4 Qxf4+ 19. Kb1 Nf6 20. Be2 Qxf2 21. Rxf2 Ke7 22. Rdf1 Bg7 23. Bd3 b6 24. e5 dxe5 25. Ne4 Ne8 26. Rxf7+ Kd8 27. Rd1 a5 1-0

[Event "Medellin Raza Antioquia"]
[Site "Medellin"]
[Date "2024.10.12"]
[Round "4"]
[White "Rivera, Luis Enrique"]
[Black "Ramos Ariza, Juan Manuel"]
[Result "0-1"]
[WhiteElo "1802"]
[BlackElo "2090"]
[PlyCount "62"]
[EventDate "2024.10.10"]
[EventType "swiss"]
[EventRounds "9"]
[EventCountry "COL"]
[SourceTitle "CB43_2024"]
[Source "Chessbase"]
[SourceDate "2024.10.23"]
[SourceVersion "1"]
[SourceVersionDate "2024.10.23"]
[SourceQuality "1"]

1. d4 Nf6 2. Bg5 e6 3. e4 h6 4. Bxf6 Qxf6 5. e5 Qd8 6. Ne2 d6 7. Nbc3 d5 8. Ng3 c5 9. dxc5 Bxc5 10. Qg4 g6 11. 0-0-0 Qg5+ 12. Qxg5 hxg5 13. Nb5 Na6 14. c4 0-0 15. cxd5 exd5 16. Nd4 Nb4 17. a3 Nc6 18. Nxc6 bxc6 19. f3 Be3+ 20. Kb1 Bf4 21. Ne2 Bxe5 22. h4 Rb8 23. Rd2 g4 24. f4 Bf6 25. Ng3 Rb3 26. Bd3 c5 27. h5 c4 28. hxg6 cxd3 29. f5 fxg6 30. fxg6 Bg5 31. Rdd1 Rf2 0-1

[Event "Medellin Castro Memorial op-A 31st"]
[Site "Medellin"]
[Date "2024.08.08"]
[Round "4"]
[White "Flom, Gabriel"]
[Black "Ramos Ariza, Juan Manuel"]
[Result "1-0"]
[WhiteElo "2459"]
[BlackElo "2055"]
[PlyCount "145"]
[EventDate "2024.08.07"]
[EventType "swiss"]
[EventRounds "10"]
[EventCountry "COL"]
[SourceTitle "CBM 221 Extra"]
[Source "ChessBase"]
[SourceDate "2024.09.30"]
[SourceVersion "1"]
[SourceVersionDate "2024.09.30"]
[SourceQuality "1"]

1. d4 Nf6 2. c4 e6 3. Nc3 Bb4 4. a3 Bxc3+ 5. bxc3 b6 6. f3 Bb7 7. e4 d6 8. Bd3 Nbd7 9. Ne2 c5 10. a4 0-0 11. 0-0 e5 12. d5 Re8 13. g4 Nf8 14. Ng3 Ng6 15. g5 Nd7 16. Nf5 Ndf8 17. h4 Bc8 18. Ra2 Nf4 19. Bxf4 exf4 20. Qc1 Bxf5 21. exf5 Re3 22. Be4 Nd7 23. Re1 Rxe1+ 24. Qxe1 Ne5 25. Qd2 Nxc4 26. Qxf4 Qe8 27. f6 Qe5 28. Qxe5 dxe5 29. Bd3 Nd6 30. c4 a6 31. Kf2 Rb8 32. Ke3 g6 33. h5 Rc8 34. Rb2 Rb8 35. Kd2 Kf8 36. Kc3 Kg8 37. Re2 Re8 38. Re1 Kf8 39. Bf1 e4 40. f4 Rb8 41. Be2 Kg8 42. Rb1 Kf8 43. Rb2 Ke8 44. a5 b5 45. cxb5 axb5 46. a6 b4+ 47. Kb3 Ra8 48. hxg6 hxg6 49. Rc2 Nf5 50. Bb5+ Kd8 51. Rxc5 Nd4+ 52. Kxb4 e3 53. Rc1 e2 54. Ka4 Rb8 55. Bd3 Rb2 56. Ra1 Kc7 57. d6+ Kb6 58. d7 Ne6 59. Bc4 Nc5+ 60. Ka3 Rd2 61. Bxe2 Nxa6 62. Bxa6 Kxa6 63. Re1 Rxd7 64. Re7 Rd3+ 65. Kb4 Rf3 66. Kc5 Rxf4 67. Rxf7 Rf5+ 68. Kd6 Rxg5 69. Rg7 Rg1 70. f7 Rf1 71. Ke7 Re1+ 72. Kf8 Kb6 73. Kg8 1-0

[Event "American Continental Rapid 18th"]
[Site "Medellin"]
[Date "2024.06.01"]
[Round "3"]
[White "Cardenas Huachaca, Alessandro Jair"]
[Black "Ramos Ariza, Juan Manuel"]
[Result "0-1"]
[WhiteElo "1693"]
[BlackElo "2055"]
[PlyCount "63"]
[EventDate "2024.06.01"]
[EventType "swiss (rapid)"]
[EventRounds "9"]
[EventCountry "COL"]
[SourceTitle "CBM 220 Extra"]
[Source "ChessBase"]
[SourceDate "2024.07.31"]
[SourceVersion "1"]
[SourceVersionDate "2024.07.31"]
[SourceQuality "1"]

1. d4 Nf6 2. c4 e6 3. Nc3 b6 4. Nf3 Bb7 5. g3 g6 6. Bg2 Ne4 7. Nxe4 Bxe4 8. 0-0 Bg7 9. e3 0-0 10. Qe2 Qc8 11. Nd2 Bxg2 12. Kxg2 Qa6 13. Nf3 d5 14. b3 Nd7 15. Re1 dxc4 16. Qxc4 Qxc4 17. bxc4 c5 18. Ba3 Rfc8 19. Rac1 cxd4 20. exd4 Bh6 21. Rc2 Rc6 22. Ne5 Nxe5 23. Rxe5 Bg7 24. d5 Bxe5 25. dxc6 Rc8 26. f4 Bf6 27. Rd2 Rxc6 28. Rd7 a5 29. Rb7 Bd4 30. Rb8+ Kg7 31. Be7 Rc7 32. Bf8+ 0-1

[Event "American Continental Rapid 18th"]
[Site "Medellin"]
[Date "2024.06.01"]
[Round "2"]
[White "Ramos Ariza, Juan Manuel"]
[Black "Bravo Padilla, Hernan David"]
[Result "1-0"]
[WhiteElo "2055"]
[BlackElo "1597"]
[PlyCount "47"]
[EventDate "2024.06.01"]
[EventType "swiss (rapid)"]
[EventRounds "9"]
[EventCountry "COL"]
[SourceTitle "CBM 220 Extra"]
[Source "ChessBase"]
[SourceDate "2024.07.31"]
[SourceVersion "1"]
[SourceVersionDate "2024.07.31"]
[SourceQuality "1"]

1. e4 c5 2. Nf3 d6 3. d4 cxd4 4. Nxd4 Nf6 5. Nc3 a6 6. Bg5 e5 7. Nf5 Bxf5 8. exf5 Nbd7 9. Bc4 Be7 10. 0-0 0-0 11. Bb3 Rc8 12. Qf3 Nc5 13. Rad1 Qc7 14. Rfe1 Nxb3 15. cxb3 Rfd8 16. Bxf6 Bxf6 17. Nd5 Qc6 18. Qg4 Kh8 19. Re3 Qe8 20. Rh3 Rc5 21. Nxf6 gxf6 22. Qh4 Kg7 23. Qh6+ Kg8 24. Rg3+ 1-0

[Event "American Continental Rapid 18th"]
[Site "Medellin"]
[Date "2024.06.01"]
[Round "6"]
[White "Ramos Ariza, Juan Manuel"]
[Black "Cordoba Roa, Angel Gabriel"]
[Result "0-1"]
[WhiteElo "2055"]
[BlackElo "2325"]
[PlyCount "56"]
[EventDate "2024.06.01"]
[EventType "swiss (rapid)"]
[EventRounds "9"]
[EventCountry "COL"]
[SourceTitle "CBM 220 Extra"]
[Source "ChessBase"]
[SourceDate "2024.07.31"]
[SourceVersion "1"]
[SourceVersionDate "2024.07.31"]
[SourceQuality "1"]

1. e4 e5 2. Nf3 Nc6 3. Bb5 Nge7 4. c3 a6 5. Ba4 Ng6 6. d4 exd4 7. cxd4 Bb4+ 8. Bd2 Bxd2+ 9. Qxd2 d5 10. Bxc6+ bxc6 11. e5 Bg4 12. Qc3 0-0 13. Nbd2 Nf4 14. Rg1 Rb8 15. h3 Bf5 16. Nb3 Rb4 17. Rd1 Rc4 18. Qe3 Ne6 19. g4 Bc2 20. Rc1 c5 21. Kd2 Bxb3 22. axb3 cxd4 23. Qd3 Rb4 24. Qxa6 Rxb3 25. Rg3 Rxb2+ 26. Ke1 Qb8 27. Qa5 Qb7 28. Nh4 Ra8 0-1

[Event "American Continental Rapid 18th"]
[Site "Medellin"]
[Date "2024.06.01"]
[Round "4"]
[White "Ramos Ariza, Juan Manuel"]
[Black "Estrada Nieto, Julian"]
[Result "1/2-1/2"]
[WhiteElo "2055"]
[BlackElo "2201"]
[PlyCount "128"]
[EventDate "2024.06.01"]
[EventType "swiss (rapid)"]
[EventRounds "9"]
[EventCountry "COL"]
[SourceTitle "CBM 220 Extra"]
[Source "ChessBase"]
[SourceDate "2024.07.31"]
[SourceVersion "1"]
[SourceVersionDate "2024.07.31"]
[SourceQuality "1"]

1. e4 e5 2. Nf3 Nc6 3. Bb5 a6 4. Ba4 Nf6 5. 0-0 Be7 6. Re1 b5 7. Bb3 d6 8. c3 0-0 9. h3 Na5 10. Bc2 c5 11. d4 Qc7 12. Nbd2 cxd4 13. cxd4 Bd7 14. Nf1 Rac8 15. Bd3 Nc6 16. Be3 exd4 17. Nxd4 Ne5 18. Rc1 Qb7 19. Ng3 Rxc1 20. Bxc1 Nxd3 21. Qxd3 g6 22. b3 Ne8 23. Bh6 Ng7 24. Bf4 Rd8 25. Rc1 Ne6 26. Nxe6 Bxe6 27. Qd4 f6 28. Be3 Rc8 29. Rxc8+ Qxc8 30. Qd3 Qc6 31. Ne2 Bf7 32. Nf4 Kf8 33. Nd5 Bd8 34. Bh6+ Ke8 35. Qd4 Bxd5 36. exd5 Qd7 37. Bf4 Kf7 38. Bg3 Qe7 39. Qc3 Qb7 40. Qd3 Bb6 41. Bxd6 Bxf2+ 42. Kh2 Qb6 43. Bf4 Qd4 44. Qf3 h5 45. d6 h4 46. g4 hxg3+ 47. Kg2 g5 48. Bxg5 Qa1 49. Qd5+ Kg7 50. Qb7+ Kg6 51. Qe4+ Kxg5 52. Qg4+ Kh6 53. Qh4+ Kg7 54. Qg4+ Kf8 55. Qc8+ Kf7 56. Qd7+ Kg6 57. Qg4+ Kh6 58. Qh4+ Kg6 59. Qg4+ Kh7 60. Qh4+ Kg6 61. Qg4+ Kf7 62. Qd7+ Kg6 63. Qg4+ Kf7 64. Qd7+ Kg6 1/2-1/2

[Event "Medellin de La Raza op"]
[Site "Medellin"]
[Date "2023.10.12"]
[Round "2"]
[White "Ramos Ariza, Juan Manuel"]
[Black "Toro Ramirez, Samuel"]
[Result "1/2-1/2"]
[WhiteElo "2031"]
[BlackElo "1849"]
[PlyCount "100"]
[EventDate "2023.10.12"]
[EventType "swiss"]
[EventRounds "10"]
[EventCountry "COL"]
[SourceTitle "CBM 216 Extra"]
[Source "ChessBase"]
[SourceDate "2023.11.30"]
[SourceVersion "1"]
[SourceVersionDate "2023.11.30"]
[SourceQuality "1"]

1. e4 e5 2. Nf3 Nc6 3. Bb5 a6 4. Ba4 Nf6 5. d3 b5 6. Bb3 Be7 7. c3 d6 8. a4 Bb7 9. 0-0 0-0 10. Re1 Na5 11. Bc2 c5 12. d4 Re8 13. Nbd2 Bf8 14. d5 c4 15. Nf1 h6 16. h3 Qc7 17. Nh4 g6 18. Be3 Bg7 19. Nh2 Bc8 20. axb5 axb5 21. Qf3 Nh7 22. Ra2 Bd7 23. Rea1 Reb8 24. Ng4 Bxg4 25. Qxg4 Qd8 26. Nxg6 fxg6 27. Qxg6 Nf8 28. Qh5 Nb3 29. Ra7 Rxa7 30. Rxa7 Qf6 31. Rc7 Ra8 32. Bxb3 cxb3 33. Qd1 Ng6 34. Qxb3 Ra1+ 35. Kh2 Nf4 36. Qxb5 Qg5 37. Qe8+ Kh7 38. g3 Qh5 39. Qxh5 Nxh5 40. b4 Nf6 41. f3 Nh5 42. Kg2 Ra2+ 43. Bf2 Kg6 44. b5 Bf6 45. Rd7 Nf4+ 46. gxf4 Bh4 47. Rxd6+ Kg7 48. fxe5 Rxf2+ 49. Kg1 Re2 50. b6 Re1+ 1/2-1/2

[Event "Medellin Flores op 30th"]
[Site "Medellin"]
[Date "2023.08.07"]
[Round "9"]
[White "Ramos Ariza, Juan Manuel"]
[Black "Narvaez Ramirez, Faber Alberto"]
[Result "0-1"]
[WhiteElo "2002"]
[BlackElo "2065"]
[PlyCount "136"]
[EventDate "2023.08.03"]
[EventType "swiss"]
[EventRounds "9"]
[EventCountry "COL"]
[SourceTitle "CBM 215 Extra"]
[Source "ChessBase"]
[SourceDate "2023.09.30"]
[SourceVersion "1"]
[SourceVersionDate "2023.09.30"]
[SourceQuality "1"]

1. e4 c5 2. Nf3 Nc6 3. Bb5 Na5 4. 0-0 a6 5. Be2 d6 6. c4 Nf6 7. Nc3 e5 8. Ne1 Be7 9. f4 0-0 10. d3 Rb8 11. f5 b5 12. b3 Nc6 13. g4 Ne8 14. Nd5 Bg5 15. Ne3 Nd4 16. N1g2 Nc7 17. Qe1 h6 18. Bd1 Be7 19. Qg3 Bd7 20. Bd2 bxc4 21. bxc4 Ba4 22. Kh1 Bxd1 23. Rfxd1 Qd7 24. h4 f6 25. Ba5 Rb2 26. Rdb1 Rfb8 27. Rxb2 Rxb2 28. Bc3 Rb7 29. Qe1 Bd8 30. Qd1 Kf8 31. Nf1 Na8 32. Ng3 Nb6 33. Rb1 Nc8 34. Rxb7 Qxb7 35. Bxd4 cxd4 36. Qa4 Na7 37. Kh2 Nc6 38. Qa3 Be7 39. Nh5 d5 40. Qa4 dxe4 41. dxe4 Nd8 42. Ng3 Nf7 43. Qb3 Qxb3 44. axb3 Bb4 45. Kg1 Nd6 46. Kf2 Nb7 47. Ne2 Nc5 48. Nc1 Nxe4+ 49. Ke2 Nc3+ 50. Kd3 Bc5 51. Kc2 Bd6 52. Nd3 Ke7 53. c5 Bc7 54. Nf2 e4 55. Nh3 Nd5 56. Nf2 Nb4+ 57. Kd2 e3+ 58. Nxe3 Bf4 59. Nfd1 dxe3+ 60. Ke2 Nd5 61. Kf3 Be5 62. Nxe3 Nxe3 63. Kxe3 Bg3 64. h5 Kd7 65. Kd3 Kc6 66. b4 Kd5 67. Kc3 Be5+ 68. Kb3 Bd4 0-1

[Event "Medellin Flores op 30th"]
[Site "Medellin"]
[Date "2023.08.06"]
[Round "7"]
[White "Baules Rodriguez, Jorge Luis"]
[Black "Ramos Ariza, Juan Manuel"]
[Result "1-0"]
[WhiteElo "2290"]
[BlackElo "2002"]
[PlyCount "84"]
[EventDate "2023.08.03"]
[EventType "swiss"]
[EventRounds "9"]
[EventCountry "COL"]
[SourceTitle "CBM 215 Extra"]
[Source "ChessBase"]
[SourceDate "2023.09.30"]
[SourceVersion "1"]
[SourceVersionDate "2023.09.30"]
[SourceQuality "1"]

1. e4 c5 2. Nf3 d6 3. d4 cxd4 4. Nxd4 Nf6 5. f3 e5 6. Nb3 d5 7. Bg5 dxe4 8. Qxd8+ Kxd8 9. Bxf6+ gxf6 10. fxe4 Bb4+ 11. N1d2 Ke7 12. 0-0-0 Be6 13. a3 Bxd2+ 14. Nxd2 Nc6 15. Nc4 Rhg8 16. Ne3 Nd4 17. Bd3 Rac8 18. Kb1 a6 19. Rhf1 Rg5 20. Rf2 Rh5 21. g3 b5 22. Rdf1 Rh6 23. b4 Rg6 24. Kb2 Bh3 25. Re1 Kf8 26. Nd5 Rc6 27. c3 Ne6 28. Nxf6 Nc5 29. Nxh7+ Kg7 30. bxc5 Rc7 31. Rf5 Rxc5 32. Rh5 Bg4 33. Rh4 Rc8 34. Rf1 Rh8 35. Ng5 Rxg5 36. Rxh8 Kxh8 37. Rxf7 Rh5 38. h4 Rh6 39. Re7 Be6 40. Bc2 Rf6 41. Bd1 Kg8 42. Rxe6 Rf2+ 1-0

[Event "Medellin Flores op 30th"]
[Site "Medellin"]
[Date "2023.08.05"]
[Round "4"]
[White "Gomez, Jhon D"]
[Black "Ramos Ariza, Juan Manuel"]
[Result "0-1"]
[WhiteElo "2195"]
[BlackElo "2002"]
[PlyCount "79"]
[EventDate "2023.08.03"]
[EventType "swiss"]
[EventRounds "9"]
[EventCountry "COL"]
[SourceTitle "CBM 215 Extra"]
[Source "ChessBase"]
[SourceDate "2023.09.30"]
[SourceVersion "1"]
[SourceVersionDate "2023.09.30"]
[SourceQuality "1"]

1. c4 Nf6 2. Nf3 b6 3. g3 Bb7 4. Bg2 g6 5. Nc3 Bg7 6. 0-0 0-0 7. d4 Ne4 8. Nb5 a6 9. Na3 e6 10. Ng5 d5 11. Nxe4 dxe4 12. Nc2 Nd7 13. b3 a5 14. Bb2 f5 15. Qc1 g5 16. f3 exf3 17. exf3 Rb8 18. Qe3 Qf6 19. Rae1 Rfe8 20. f4 gxf4 21. Qxf4 Bxg2 22. Kxg2 Nc5 23. Qf3 Qg6 24. Bc1 Ne4 25. d5 exd5 26. cxd5 Nc3 27. Bf4 Qf7 28. Ne3 Ne4 29. Nc4 Rbd8 30. Bc1 Nc3 31. d6 cxd6 32. Bg5 Rxe1 33. Rxe1 Rf8 34. Be7 Rb8 35. Bxd6 Rd8 36. Be7 Rd5 37. Nxb6 Rd2+ 38. Kh1 Ne4 39. Bh4 Qb7 40. Qd1 0-1

[Event "Sabaneta op-B 2nd"]
[Site "Sabaneta Antioquia"]
[Date "2023.07.02"]
[Round "6"]
[White "Ramos Ariza, Juan Manuel"]
[Black "Ramirez Montoya, Jorge A"]
[Result "1-0"]
[WhiteElo "1996"]
[BlackElo "1773"]
[PlyCount "55"]
[EventDate "2023.06.28"]
[EventType "swiss"]
[EventRounds "9"]
[EventCountry "COL"]
[SourceTitle "EXT 2024"]
[Source "ChessBase"]
[SourceDate "2023.10.10"]
[SourceVersion "1"]
[SourceVersionDate "2023.10.10"]
[SourceQuality "1"]

1. e4 c5 2. Nf3 d6 3. d4 cxd4 4. Nxd4 e5 5. Bb5+ Nd7 6. Nf5 a6 7. Ba4 b5 8. Bb3 Nb6 9. Nc3 Bxf5 10. exf5 Ne7 11. Bg5 f6 12. Qh5+ g6 13. fxg6 Nxg6 14. Qf3 Bg7 15. Be3 Nc4 16. Qc6+ Kf8 17. 0-0-0 Ne7 18. Qf3 f5 19. Bg5 Qc8 20. Bxc4 bxc4 21. Rxd6 e4 22. Qg3 Qb7 23. Rhd1 Rb8 24. Bxe7+ Qxe7 25. R1d5 Qb7 26. Rxf5+ Kg8 27. Rd7 Qxb2+ 28. Kd1 1-0

[Event "Sabaneta op-B 2nd"]
[Site "Sabaneta Antioquia"]
[Date "2023.06.28"]
[Round "1"]
[White "Ramos Ariza, Juan Manuel"]
[Black "Carrillo Montes, Isabela"]
[Result "1-0"]
[WhiteElo "1996"]
[BlackElo "1319"]
[PlyCount "53"]
[EventDate "2023.06.28"]
[EventType "swiss"]
[EventRounds "9"]
[EventCountry "COL"]
[SourceTitle "EXT 2024"]
[Source "ChessBase"]
[SourceDate "2023.10.10"]
[SourceVersion "1"]
[SourceVersionDate "2023.10.10"]
[SourceQuality "1"]

1. e4 c6 2. Nf3 d5 3. Nc3 dxe4 4. Nxe4 Bf5 5. Ng3 Bc8 6. Bc4 Nd7 7. 0-0 Ngf6 8. Re1 b5 9. Bf1 e6 10. a4 b4 11. c3 a5 12. Nd4 Nc5 13. Nxc6 Qc7 14. d4 Qxc6 15. Bb5 Ra6 16. dxc5 Bxc5 17. Bg5 Nd7 18. Bxc6 Rxc6 19. Ne4 0-0 20. Qf3 Rb6 21. Nxc5 Nxc5 22. Be7 Bb7 23. Qe3 Rc8 24. Bxc5 Rbc6 25. Bd4 h6 26. Qg3 g6 27. Qe5 1-0

[Event "Medellin Easter op 11th"]
[Site "Medellin"]
[Date "2023.04.09"]
[Round "7"]
[White "Castaneda Jimenez, Jhon David"]
[Black "Ramos Ariza, Juan Manuel"]
[Result "1-0"]
[WhiteElo "2120"]
[BlackElo "1972"]
[PlyCount "65"]
[EventDate "2023.04.05"]
[EventType "swiss"]
[EventRounds "7"]
[EventCountry "COL"]
[SourceTitle "CBM 213 Extra"]
[Source "ChessBase"]
[SourceDate "2023.05.31"]
[SourceVersion "1"]
[SourceVersionDate "2023.05.31"]
[SourceQuality "1"]

1. Nf3 e6 2. g3 f5 3. b3 Nf6 4. Bb2 d5 5. Bg2 Bd6 6. d3 0-0 7. Nbd2 Qe8 8. Ne5 c6 9. e4 Qd8 10. 0-0 Qc7 11. Nef3 fxe4 12. dxe4 e5 13. Qe2 d4 14. c3 c5 15. Rac1 Nc6 16. cxd4 cxd4 17. a3 Qe7 18. b4 a6 19. Rc2 Bd7 20. Nh4 Kh8 21. Nb3 Qf7 22. Nc5 Bxc5 23. Rxc5 Qb3 24. Qc2 Be6 25. Qd2 Bc4 26. Rc1 Bd3 27. Re1 Bb5 28. Bf3 Bc4 29. Bd1 Qd3 30. Qxd3 Bxd3 31. f3 Bb5 32. Bb3 Nd7 33. Rcc1 1-0

[Event "Medellin Easter op 11th"]
[Site "Medellin"]
[Date "2023.04.05"]
[Round "1"]
[White "Ramos Ariza, Juan Manuel"]
[Black "Colina, Lugger Jesus"]
[Result "1-0"]
[WhiteElo "1972"]
[BlackElo "1189"]
[PlyCount "111"]
[EventDate "2023.04.05"]
[EventType "swiss"]
[EventRounds "7"]
[EventCountry "COL"]
[SourceTitle "CBM 213 Extra"]
[Source "ChessBase"]
[SourceDate "2023.05.31"]
[SourceVersion "1"]
[SourceVersionDate "2023.05.31"]
[SourceQuality "1"]

1. e4 c5 2. Nf3 Nc6 3. Bb5 g6 4. c3 e5 5. d3 Bg7 6. 0-0 Nge7 7. Be3 d6 8. d4 cxd4 9. cxd4 exd4 10. Bxd4 Bxd4 11. Nxd4 Qb6 12. Nc3 0-0 13. Nc2 f5 14. Qxd6 fxe4 15. Bc4+ Kg7 16. Nxe4 Nf5 17. Qa3 Nfd4 18. Qc3 Bf5 19. Nxd4 Qxd4 20. Nd6 Qxc3 21. bxc3 Ne5 22. Bd5 Rad8 23. Nxf5+ Rxf5 24. Bxb7 Rb8 25. Rab1 Rf7 26. Bd5 Rxb1 27. Rxb1 Rd7 28. c4 Rc7 29. f4 Nd3 30. g3 Kf6 31. Kf1 Re7 32. Rd1 Nb4 33. a3 Nxd5 34. cxd5 Rd7 35. Ke2 g5 36. Kf3 h6 37. Kg4 gxf4 38. Kxf4 h5 39. h4 Rc7 40. d6 Rc4+ 41. Ke3 Rc3+ 42. Rd3 Rxd3+ 43. Kxd3 Ke6 44. Ke4 Kxd6 45. Kf5 Ke7 46. Kg6 Kf8 47. Kxh5 Kg7 48. Kg5 Kh8 49. g4 Kg7 50. h5 Kh8 51. Kf6 Kg8 52. g5 Kh8 53. g6 Kg8 54. h6 Kh8 55. g7+ Kh7 56. Kf7 1-0